| 000 | 01051nam0a2200289 4500 | ||
|---|---|---|---|
| 001 | RU\NLR\bibl\1186431 | ||
| 005 | 20260406153841.0 | ||
| 010 |
_a978-5-17-047080-8 _93000 |
||
| 021 |
_aRU _b2007-88502 _94783 |
||
| 035 | _a(NLR Aleph) 001173006 | ||
| 090 |
_a1609367 _c1609367 |
||
| 100 | _a20080208d2007 |||y0rusy50 ca | ||
| 101 | 0 | _arus | |
| 102 | _aRU | ||
| 105 | _ay ||||||||| | ||
| 200 | 1 |
_aПричины неисправностей легковых автомобилей _fВ.В. Волгин |
|
| 210 |
_aМосква _cАстрель _cАСТ _d2007 |
||
| 215 |
_a111 с. _d21 |
||
| 300 | _aНа обл. авт. не указан | ||
| 606 | 1 |
_aЛегковые автомобили _xНеисправности _92165306 _3RU\NLR\auth\661302884 |
|
| 686 | _aО335.52-082.03 | ||
| 700 | 1 |
_4070 _8rus _7ca _aВолгин _bВ. В. _cэкономист _f1940- _gВладислав Васильевич _3RU\NLR\auth\776583 _9116534 |
|
| 801 | 0 |
_aRU _bNLR _c20080208 _gRCR |
|
| 801 | 1 |
_aRU _bNLR _c20080208 |
|
| 942 | _cBOOK | ||
| 980 | _aNB | ||